Weak dependence : with examples and applications /

Bibliographic Details
Corporate Author: SpringerLink (Online service)
Other Authors: Dedecker, Jérôme
Format: eBook
Language:English
Published: New York : Springer, [2007]
Series:Lecture notes in statistics (Springer-Verlag) ; 190.
Subjects:
Online Access:Connect to the full text of this electronic book

MARC

Tag First Indicator Second Indicator Subfields
LEADER 00000cam a2200000Ia 4500
001 in00002367513
005 20210810090457.0
006 m d
007 cr cn|||||||||
008 080128s2007 nyua sb 001 0 eng d
020 |a 038769952X 
020 |a 9780387699523 
035 |a (OCoLC)191465311 
035 |a (OCoLC)ocn191465311 
037 |a 978-0-387-69951-6  |b Springer  |n http://www.springerlink.com 
040 |a GW5XE  |c GW5XE  |d UtOrBLW 
049 |a TEFA 
050 1 4 |a QA273.18  |b .W43 2007eb 
082 0 4 |a 519.5/3  |2 22 
245 0 0 |a Weak dependence :  |b with examples and applications /  |c Jérôme Dedecker [and others]. 
264 1 |a New York :  |b Springer,  |c [2007] 
264 4 |c ©2007 
300 |a xiv, 318 pages :  |b illustrations ;  |c 24 cm. 
336 |a text  |b txt  |2 rdacontent 
337 |a computer  |b c  |2 rdamedia 
338 |a online resource  |b cr  |2 rdacarrier 
490 1 |a Lecture notes in statistics ;  |v 190 
500 |a Electronic resource. 
504 |a Includes bibliographical references (pages 305-315) and index. 
533 |a Electronic reproduction.  |b New York :  |c Springer,  |d 2008.  |n Mode of access: World Wide Web.  |n System requirements: Web browser.  |n Title from title screen (viewed on Jan. 24, 2008).  |n Access may be restricted to users at subscribing institutions. 
650 0 |a Dependence (Statistics)  |0 http://id.loc.gov/authorities/subjects/sh2001002906 
650 0 |a Random variables.  |0 http://id.loc.gov/authorities/subjects/sh85111355 
650 0 |a Stochastic processes.  |0 http://id.loc.gov/authorities/subjects/sh85128181 
655 7 |a Electronic books.  |2 local 
700 1 |a Dedecker, Jérôme.  |0 http://id.loc.gov/authorities/names/n2007062267 
710 2 |a SpringerLink (Online service)  |0 http://id.loc.gov/authorities/names/no2005046756 
776 1 |c Original  |z 9780387699516  |z 0387699511  |z 9780387699523  |z 038769952X  |w (DLC) 2007929938  |w (OCoLC)144228485 
830 0 |a Lecture notes in statistics (Springer-Verlag) ;  |v 190.  |0 http://id.loc.gov/authorities/names/n42015168 
856 4 0 |u http://proxy.library.tamu.edu/login?url=https://dx.doi.org/10.1007/978-0-387-69952-3  |z Connect to the full text of this electronic book  |t 0 
994 |a C0  |b TEF 
999 |a MARS 
999 f f |s e325172e-3c21-39bb-8265-33c35b414b1f  |i 7d5472e3-adc5-3c5d-8a4f-fcd029aa2d52  |t 0 
952 f f |a Texas A&M University  |b College Station  |c Electronic Resources  |d Available Online  |t 0  |e QA273.18 .W43 2007eb  |h Library of Congress classification 
998 f f |a QA273.18 .W43 2007eb  |t 0  |l Available Online